000 00889nam a2200265Ia 4500
003 OSt
005 20220927110753.0
006 a|||||r|||| 00| 0
007 ta
008 220926b |||||||| |||| 00| 0 eng d
024 _a109893
037 _cReports
040 _aRTL
_cRTL
_beng
041 _2eng
_aeng
082 _a"X9(M7):1.252.N69t4, K9/GD"
110 _aIndiaTextiles (Committee) Market Research Division
_9380188
245 0 _aConsumer preference survey for textiles in Uttar Pradesh
260 _aBombay
_bIndiaTextiles (Committee) Market Research Division India
_c1969
300 _a238p.
_ccm.
490 _aIts surveys in textile trends 20
650 _aTextile Industry
700 _aIndiaTextiles (Committee) Market Research Division
_9380189
942 _h"X9(M7):1.252.N69t4, K9/GD"
_cCC
999 _c697857
_d697857